Сборник задач по технической механике: учебник

Opis bibliograficzny
1. autor: Сетков В. И. Владимир Иванович
Streszczenie:Приведены задания для расчетно-аналитических и расчетно-графических работ по всем разделам курса технической механики. Каждое задание включает описание решения задач с краткими методическими указаниями, даны примеры решения. В приложениях содержится необходимый справочный материал. Для студентов средних профессиональных учебных заведений.
Język:rosyjski
Wydane: Москва, Академия, 2007
Wydanie:3-е изд., стер.
Seria:Среднее профессиональное образование. Общепрофессиональные дисциплины
Hasła przedmiotowe:
Format: Książka
KOHA link:https://koha.lib.tpu.ru/cgi-bin/koha/opac-detail.pl?biblionumber=122458

MARC

LEADER 00000nam0a2200000 4500
001 122458
005 20231031130024.0
010 |a 9785769540189 
035 |a (RuTPU)RU\TPU\book\132587 
090 |a 122458 
100 |a 20071004d2007 m y0rusy50 ca 
101 0 |a rus 
102 |a RU 
105 |a a j 001zy 
200 1 |a Сборник задач по технической механике  |e учебник  |f В. И. Сетков 
205 |a 3-е изд., стер. 
210 |a Москва  |c Академия  |d 2007 
215 |a 224 с.  |c ил. 
225 1 |a Среднее профессиональное образование. Общепрофессиональные дисциплины 
320 |a Список литературы: с. 222. 
330 |a Приведены задания для расчетно-аналитических и расчетно-графических работ по всем разделам курса технической механики. Каждое задание включает описание решения задач с краткими методическими указаниями, даны примеры решения. В приложениях содержится необходимый справочный материал. Для студентов средних профессиональных учебных заведений. 
610 1 |a техническая механика 
610 1 |a статика 
610 1 |a теоретическая механика 
610 1 |a сопротивление материалов 
610 1 |a сооружения 
610 1 |a самостоятельные работы 
610 1 |a контрольные работы 
610 1 |a расчетно-графические работы 
610 1 |a задания 
610 1 |a примеры 
610 1 |a решения 
610 1 |a практическое пособие 
610 1 |a учебные пособия 
610 1 |a строительство 
675 |a 621.01:531(076)  |v 3 
700 1 |a Сетков  |b В. И.  |g Владимир Иванович 
801 1 |a RU  |b 63413507  |c 20071004  |g PSBO 
801 2 |a RU  |b 63413507  |c 20150604  |g PSBO 
900 |a Техническая механика 
942 |c BK 
952 |b 270100 
959 |a 67/20070927  |d 10  |e 119,90  |f АНЛ:1  |f ЧЗТЛ:1  |f УФ:8